Comer rezar amar : versión original de cine = Eat Pray Love : Original Theatrical Version /

محفوظ في:
التفاصيل البيبلوغرافية
المؤلف الرئيسي: Murphy, Ryan (realización)
مؤلفون آخرون: Murphy, Ryan (guión) (guión), Salt, Jennifer (guión) (guión), Richardson, Robert (fotógrafo) (fotógrafo), Buecker, Brad (montaje) (montaje), Marianelli, Dario (música) (música), Roberts, Julia (actuación) (actuación), Franco, James (actuación) (actuación), Jenkins, Richard (actuación) (actuación)
التنسيق: شريحة
اللغة:الإنجليزية
منشور في: Los Angeles, EUA : Plan B Entertainment, 2010
الموضوعات:
الوسوم: إضافة وسم
لا توجد وسوم, كن أول من يضع وسما على هذه التسجيلة!

MARC

LEADER 00000ngm^a2200000^a^4500
001 000326596
005 20250521000000.0
009 20260526140525.059
037 |a Acervo ITESO - Biblioteca 
041 |a ING 
082 |a 810.  |b MUR 
100 |a Murphy, Ryan  |e (realización) 
240 1 1 |a [Comer, rezar, amar] 
240 1 1 |a [Comer, rezar, amar. Adaptaciones] 
245 1 0 |a Comer rezar amar :  |b versión original de cine = Eat Pray Love : Original Theatrical Version /  |c Realización de R. Murphy. 
264 1 |a Los Angeles, EUA :  |b Plan B Entertainment,  |c 2010 
264 2 |a México :  |b Twentieth Century Fox [distribución],  |c 2012, c2012 
300 |a 1 DVD región 4  |c (140, 146 min.) 
336 |a imagen móvil bidimensional  |b tdi  |2 rdacontenido 
337 |a video  |b v  |2 rdamedio 
338 |a videodisco  |b vd  |2 rdasoporte 
500 |a Basado en: Comer, rezar, amar, de Elizabeth Gilbert 
546 |a En inglés, italiano y portugués, con subtítulos opcionales: español, coreano, inglés, mandarín, portugués, thai 
546 |a Doblaje opcional: español, portugués, thai 
649 |a XX 
650 |a Escritores Norteamericanos -  |x Memorias -  |x Adaptaciones para Cine 
650 |a Mujeres Norteamericanas -  |x Memorias -  |x Adaptaciones para Cine 
650 |a Mujeres en el Cine 
650 |a Dramas Cinematográficos 
650 |a Cine Norteamericano -  |y 2010-2019 
650 |a Cine Norteamericano -  |y Siglo XXI 
650 |a Memorias Norteamericanas -  |x Adaptaciones para Cine 
650 |a Libros de Viajes Norteamericanos -  |x Adaptaciones para Cine 
650 |a Literatura Norteamericana -  |y Siglo XXI -  |x Adaptaciones para Cine 
650 |a Literatura y Cine 
650 |a Cocina -  |x Aspectos Sociales y Culturales 
650 |a Filosofías Orientales -  |z India 
650 |a Filosofía y Religión -  |z India 
650 |a Filosofía Hindú 
650 |a Amor 
650 |a India en el Cine 
650 |a Indonesia en el Cine 
650 |a Italia en el Cine 
650 |a Nueva York, EUA en el Cine 
650 |a Gilbert, Elizabeth -  |x Tema Principal 
740 0 |a Comer rezar amar :  |b versión del director = Eat Pray Love : Director's Cut /  |c Realización de R. Murphy. 
700 |a Murphy, Ryan  |e (guión) 
700 |a Salt, Jennifer  |e (guión) 
700 |a Richardson, Robert  |e (fotógrafo) 
700 |a Buecker, Brad  |e (montaje) 
700 |a Marianelli, Dario  |e (música) 
700 |a Roberts, Julia  |e (actuación) 
700 |a Franco, James  |e (actuación) 
700 |a Jenkins, Richard  |e (actuación) 
910 |a Fondo General 
920 |a Audiovisuales - DVDs 
940 |a Películas 
905 |a 302 
901 |a 0500214952  |b IT2  |c DVS  |i C134190  |u 20250521 
902 |a https://opac.biblio.iteso.mx/vufind/Record/000326596